Manual de casos prc̀ticos de ISR 2019

Detalles Bibliográficos
Autor principal: Přez Chv̀ez, Još
Otros Autores: Fol Olgun̕, Raymundo
Formato: eBook
Lenguaje:español
Publicado: Ciudad de Mx̌ico: Tax Editores, 2019
Materias:
Acceso en línea:Acceso restringido

MARC

LEADER 00000nam a22000007a 4500
005 2019051708278.0
007 cr|||| |||
008 190517s2019 mx |||||s|||| 00||0 spa d
020 |a 978-607-629-361-4 
035 |a 23408 
040 |a vLex 
090 |c 8743  |d 8743 
100 1 |a Přez Chv̀ez, Još 
245 1 0 |a Manual de casos prc̀ticos de ISR 2019  |h [Recurso electrn̤ico] /  |c Jos ̌Přez Chv̀ez, Raymundo Fol Olgun̕ 
256 |a Servicio en ln̕ea 
260 |a Ciudad de Mx̌ico:  |b Tax Editores,  |c 2019 
300 |a 1 recurso electrn̤ico 
500 |a Entre los tributos ms̀ importantes del sistema fiscal mexicano se encuentra el impuesto sobre la renta (ISR), el cual, por lo general, grava la renta (utilidades) de las personas fs̕icas y morales. Por est ̀razn̤ hemos elaborado la presente obra denominada Manual de casos prc̀ticos de ISR. Su principal objetivo es presentar a los lectores un extenso anl̀isis de las disposiciones fiscales relacionadas con dicho gravamen mediante el marco ter̤ico de cada tema y la exposicin̤ de diversos casos prc̀ticos. El libro incluye, entre otros, los ordenamientos fiscales siguientes: 1. La Ley de Ingresos de la Federacin̤ vigente. 2. La Resolucin̤ Miscelǹea Fiscal. Esta obra va dirigida a quienes se encargan del cumplimiento de las obligaciones fiscales de las personas fs̕icas y morales, a los contadores que se dedican a dar asesora̕ fiscal, a los maestros de impuestos, estudiantes y, en general, a cualquier persona que se interese en la materia fiscal. 
506 1 |a Disponible solo en los productos indicados  |d vLex Global  |d vLex Global (Academic Edition, excluding Law Schools)  |d vLex Global (U.S. Academic Edition, Law Schools)  |d vLex Global (U.S. Academic Edition, excluding Law Schools)  |d vLex Global (Academic Edition, Law Schools) 
650 0 4 |a Derecho Fiscal  |z Mx̌ico 
700 1 |a Fol Olgun̕, Raymundo 
740 0 |a vLex Libros (Servicio en ln̕ea) 
856 4 0 |u http://vlex.com/source/manual-de-casos-practicos-de-isr-2019-23408  |z Acceso restringido 
942 |c BOOK 
999 0 |a Tax Law